[Event "Nakhchivan Open"]
[Site "Nakhchivan AZE"]
[Date "2011.04.24"]
[Round "2"]
[White "Abbasov,F"]
[Black "Miroshnichenko,E"]
[Result "0-1"]
[WhiteElo "2543"]
[BlackElo "2670"]
[EventDate "2011.04.23"]

1. Nf3 f5 2. g3 Nf6 3. Bg2 g6 4. O-O Bg7 5. c4 O-O 6. Nc3 d6 7. d4 Qe8 8.
Nd5 Nxd5 9. cxd5 Nd7 10. Ng5 Nb6 11. Qd3 c6 12. dxc6 bxc6 13. Bd2 h6 14.
Nh3 Be6 15. Rfc1 Rc8 16. Nf4 Bf7 17. e4 g5 18. Ne2 fxe4 19. Bxe4 Bd5 20.
Nc3 Qf7 21. Bh7+ Kh8 22. Be3 Bf3 23. Be4 d5 24. Bxf3 Qxf3 25. b3 c5 26. Qd2
cxd4 27. Bxd4 e5 28. Bxb6 axb6 29. Nb5 d4 30. Rxc8 Rxc8 31. Rc1 Rc5 32.
Rxc5 bxc5 33. Nd6 e4 34. Qe1 e3 35. Nc4 e2 36. a4 d3 0-1

[Event "Nakhchivan Open"]
[Site "Nakhchivan AZE"]
[Date "2011.04.24"]
[Round "2"]
[White "Fedorchuk,S"]
[Black "Ibrahimov,R"]
[Result "0-1"]
[WhiteElo "2662"]
[BlackElo "2526"]
[EventDate "2011.04.23"]

1. e4 c5 2. Nf3 d6 3. d4 cxd4 4. Nxd4 Nf6 5. Nc3 a6 6. h3 e6 7. g4 d5 8.
exd5 Nxd5 9. Nde2 Bb4 10. Bg2 O-O 11. O-O Nxc3 12. Nxc3 Qc7 13. Qd4 Bd6 14.
Be3 Bd7 15. Rad1 Bh2+ 16. Kh1 Be5 17. Qb6 Bc6 18. Qxc7 Bxc7 19. a4 Rc8 20.
f4 Bxg2+ 21. Kxg2 Nc6 22. Ne4 b5 23. axb5 axb5 24. Rf2 Ne7 25. f5 Nd5 26.
Bd4 Nf4+ 27. Kf3 Nxh3 28. Rfd2 Nf4 29. f6 Ng6 30. fxg7 Ne5+ 31. Kg2 Nxg4
32. Nf6+ Nxf6 33. Bxf6 Bf4 34. Rd7 h6 35. Rf1 Rxc2+ 36. Kh3 Rc7 37. Rd8+
Rxd8 38. Bxd8 Rd7 39. Bf6 Bg5 40. Bc3 f6 41. Bxf6 Rf7 0-1

[Event "Nakhchivan Open"]
[Site "Nakhchivan AZE"]
[Date "2011.04.24"]
[Round "2"]
[White "Benidze,D"]
[Black "Sokolov,Ivan"]
[Result "0-1"]
[WhiteElo "2503"]
[BlackElo "2643"]
[EventDate "2011.04.23"]

1. e4 e5 2. Nf3 Nc6 3. Bb5 a6 4. Bxc6 dxc6 5. O-O f6 6. d4 Bg4 7. dxe5 Qxd1
8. Rxd1 fxe5 9. h3 Bxf3 10. gxf3 Bd6 11. Be3 Ne7 12. c4 Ng6 13. c5 Be7 14.
Nd2 O-O-O 15. Kf1 Nh4 16. Ke2 Rhf8 17. b4 Rf7 18. Rg1 h6 19. Rg4 g5 20.
Rxh4 gxh4 21. Bxh6 Rg8 22. Nc4 Bf6 23. Bd2 Kd7 24. Bc3 Ke6 25. Ne3 Bg5 26.
Rg1 Rff8 27. Nf5 Bf6 28. Rxg8 Rxg8 29. Nh6 Rg1 30. Ng4 Rc1 31. Bd2 Rc2 32.
Kd1 Rxa2 33. Bc3 a5 34. bxa5 Ra3 35. Kd2 Bg5+ 36. Kc2 Be7 37. Bxe5 Rxf3 38.
Bxc7 Rxh3 39. Bh2 Bxc5 40. f4 Bd6 41. f5+ Ke7 0-1

[Event "Nakhchivan Open"]
[Site "Nakhchivan AZE"]
[Date "2011.04.24"]
[Round "2"]
[White "Aleksandrov,A"]
[Black "Guliev,L"]
[Result "1-0"]
[WhiteElo "2638"]
[BlackElo "2468"]
[EventDate "2011.04.23"]

1. d4 Nf6 2. c4 e6 3. Nc3 Bb4 4. e3 O-O 5. Nge2 d5 6. a3 Be7 7. cxd5 exd5
8. g3 a5 9. Bg2 Na6 10. O-O c6 11. Qc2 Re8 12. Bd2 Bd6 13. f3 b5 14. Kh1
Ra7 15. e4 b4 16. axb4 Nxb4 17. Qd1 dxe4 18. fxe4 Be7 19. Be3 Ng4 20. Bg1
Bg5 21. Nf4 Rae7 22. h3 Nf6 23. e5 Nfd5 24. Ne4 Bh6 25. Nd6 Ba6 26. Nxd5
Nxd5 27. Rf3 Rf8 28. Rfa3 Bc8 29. Rxa5 Be6 30. Qc2 Rc7 31. Nf5 Qg5 32. g4
Rcc8 33. Rf1 g6 34. Nxh6+ Qxh6 35. Qc1 Qh4 36. Bf2 Qe7 37. Rc5 Nb4 38. Qh6
f5 39. exf6 Rxf6 40. Qd2 Rcf8 41. Qxb4 Rxf2 42. Rxf2 Rxf2 43. Qb8+ Kf7 44.
Qh8 Qh4 45. Rxc6 Qg3 46. Rc7+ Bd7 47. Rxd7+ Ke6 48. Qe8+ 1-0

[Event "Nakhchivan Open"]
[Site "Nakhchivan AZE"]
[Date "2011.04.24"]
[Round "2"]
[White "Rasulov,Vu"]
[Black "Turov,M"]
[Result "1/2-1/2"]
[WhiteElo "2499"]
[BlackElo "2635"]
[EventDate "2011.04.23"]

1. e4 e5 2. Nf3 Nc6 3. Bb5 a6 4. Ba4 Nge7 5. c3 g6 6. d4 exd4 7. cxd4 Bg7
8. d5 b5 9. Bc2 Na5 10. O-O O-O 11. Nc3 d6 12. Re1 Nc4 13. Bd3 c6 14. Bxc4
bxc4 15. Bg5 Bb7 16. e5 Qd7 17. Qa4 Nf5 18. e6 Qc8 19. g4 fxe6 20. dxe6
Bxc3 21. bxc3 Ng7 22. Re3 c5 23. Nh4 Nxe6 24. Bh6 Nf4 25. Qd1 Rf7 26. Rb1
Nd3 27. f3 Qd8 28. Ng2 Bc6 29. Qe2 Qf6 30. Rb6 Bxf3 31. Re8+ Rf8 32. Rxf8+
Rxf8 33. Qe3 Bxg2 34. Kxg2 Nf4+ 35. Bxf4 Qxf4 36. Qxf4 Rxf4 37. Kg3 Rf6 38.
Rxa6 g5 39. a4 Kf7 40. a5 Ke6 41. Ra8 Rf1 42. a6 Kd5 43. a7 Ra1 44. h4 Ra3
45. Kg2 Ra2+ 46. Kg3 Ra3 47. Kg2 gxh4 48. g5 Kc6 49. Rc8+ Kb7 50. Rh8 Kxa7
51. Rxh7+ Kb6 52. Rxh4 d5 53. g6 Ra8 54. Kf3 Kb5 55. Ke3 Ka4 56. g7 Rg8 57.
Rg4 Kb3 58. Kd2 d4 59. Rg6 dxc3+ 60. Kc1 c2 61. Rg3+ c3 62. Rxc3+ 1/2-1/2

[Event "Nakhchivan Open"]
[Site "Nakhchivan AZE"]
[Date "2011.04.24"]
[Round "2"]
[White "Bajarani,U"]
[Black "Safarli,E"]
[Result "1/2-1/2"]
[WhiteElo "2437"]
[BlackElo "2628"]
[EventDate "2011.04.23"]

1. d4 Nf6 2. c4 g6 3. g3 Bg7 4. Bg2 d5 5. cxd5 Nxd5 6. Nf3 O-O 7. O-O c5 8.
Nc3 Nxc3 9. bxc3 Nc6 10. Qa4 Be6 11. e3 Qd7 12. Qa3 b6 13. Rd1 Bh3 14. Qa4
Na5 15. Qxd7 Bxd7 16. Nd2 Rac8 17. Ba3 Rfd8 18. Rac1 Ba4 19. Re1 e6 20. Bb2
Bf8 21. Bf1 cxd4 22. cxd4 Bb4 23. Rxc8 Rxc8 24. Rc1 Rxc1 25. Bxc1 Bc6 26.
Bd3 f5 27. Kf1 Bd5 28. a3 Bxd2 29. Bxd2 Nc4 30. Bxc4 Bxc4+ 31. Ke1 Bd5 32.
Bb4 Bf3 33. Bd6 Kf7 34. Kd2 Ke8 35. h4 Kd7 36. Bb8 Kc6 37. Kc3 a5 38. Bf4
Be2 39. Bg5 Kd7 40. Bf4 b5 41. Bg5 Bf1 42. Bf4 Kc6 43. Bg5 Kd5 44. Bd8 b4+
45. axb4 a4 46. f3 Be2 47. e4+ fxe4 48. fxe4+ Kxe4 49. Bc7 a3 50. Be5 Bc4
51. b5 1/2-1/2

[Event "Nakhchivan Open"]
[Site "Nakhchivan AZE"]
[Date "2011.04.24"]
[Round "2"]
[White "Abdulla,K"]
[Black "Landa,K"]
[Result "0-1"]
[WhiteElo "2160"]
[BlackElo "2609"]
[EventDate "2011.04.23"]

1. e4 e6 2. d4 d5 3. Nc3 Nf6 4. Bg5 dxe4 5. Nxe4 Be7 6. Bxf6 gxf6 7. Nf3 f5
8. Nc3 a6 9. Qd2 b5 10. g3 Bb7 11. Bg2 Qd6 12. Ne2 Nd7 13. Nf4 c5 14. dxc5
Qxd2+ 15. Nxd2 Bxg2 16. Nxg2 Nxc5 17. O-O-O Bf6 18. Nf4 Ke7 19. Kb1 Rhd8
20. Nb3 Ne4 21. Rxd8 Rxd8 22. Nd3 h5 23. Re1 h4 24. g4 Nd6 25. Nb4 Kf8 26.
gxf5 exf5 27. Nxa6 Ne4 28. c3 Nxf2 29. Rf1 Ng4 30. Rxf5 Rd1+ 31. Nc1 Bg7
32. Nc5 Bh6 33. N5d3 Nxh2 34. Rxb5 Nf3 35. Kc2 Rd2+ 36. Kb3 Rd1 37. Kc2 Rf1
38. a4 Bxc1 39. Nxc1 h3 40. Rh5 h2 41. a5 h1=Q 42. Rxh1 Rxh1 43. b4 Ke7 44.
a6 Kd6 45. Nb3 Rh2+ 46. Kd3 Ne5+ 47. Ke4 Rh4+ 48. Kf5 Nc4 49. a7 Rh8 50.
Nd4 Ra8 51. Kf6 Na3 0-1

[Event "Nakhchivan Open"]
[Site "Nakhchivan AZE"]
[Date "2011.04.24"]
[Round "2"]
[White "Korobov,A"]
[Black "Mamedjarova,T"]
[Result "1-0"]
[WhiteElo "2647"]
[BlackElo "2322"]
[EventDate "2011.04.23"]

1. d4 d5 2. c4 e6 3. Nc3 Nf6 4. cxd5 exd5 5. Bg5 Be7 6. e3 O-O 7. Bd3 c6 8.
Qc2 h6 9. Bh4 Nbd7 10. Nge2 Re8 11. O-O Nh5 12. Bxe7 Qxe7 13. Rae1 Ndf6 14.
Nc1 Ne4 15. Nb3 Nxc3 16. Qxc3 Qg5 17. f3 Bf5 18. Bxf5 Qxf5 19. e4 Qg5 20.
e5 f6 21. Kh1 fxe5 22. dxe5 Nf4 23. g3 Ne6 24. f4 Qf5 25. Nd4 Nxd4 26. Qxd4
Kh8 27. Kg2 b6 28. h3 h5 29. Qd1 Re6 30. g4 Rg6 31. g5 h4 32. Qg4 Qxg4+ 33.
hxg4 c5 34. e6 Re8 35. f5 Rxg5 36. Kf3 1-0

[Event "Nakhchivan Open"]
[Site "Nakhchivan AZE"]
[Date "2011.04.25"]
[Round "3"]
[White "Miroshnichenko,E"]
[Black "Aleksandrov,A"]
[Result "1/2-1/2"]
[WhiteElo "2670"]
[BlackElo "2638"]
[EventDate "2011.04.23"]

1. f4 d5 2. Nf3 Nf6 3. g3 c6 4. Bg2 Qb6 5. b3 Bf5 6. Bb2 e6 7. e3 Nbd7 8.
Nc3 h6 9. Qe2 a5 10. O-O Rg8 11. Na4 Qa6 12. c4 g5 13. fxg5 hxg5 14. Bxf6
Nxf6 15. Nd4 Bg4 16. Qf2 Be7 17. cxd5 cxd5 18. Rac1 Bh5 19. Bf3 Bxf3 20.
Qxf3 Rg6 21. Rc7 Bd6 22. Rc2 Kf8 23. Nc5 Bxc5 24. Rxc5 Qd6 25. Rfc1 Kg8 26.
Rc7 Qb4 27. Qe2 Rf8 28. Rf1 Qb6 29. Re7 Qb4 1/2-1/2

[Event "Nakhchivan Open"]
[Site "Nakhchivan AZE"]
[Date "2011.04.25"]
[Round "3"]
[White "Turov,M"]
[Black "Ipatov,A ESP"]
[Result "1-0"]
[WhiteElo "2635"]
[BlackElo "2514"]
[EventDate "2011.04.23"]

1. d4 d5 2. c4 c6 3. Nc3 Nf6 4. e3 g6 5. Nf3 Bg7 6. Be2 O-O 7. O-O dxc4 8.
Bxc4 Bg4 9. h3 Bxf3 10. Qxf3 Nbd7 11. Rd1 e5 12. d5 e4 13. Nxe4 Nxe4 14.
Qxe4 Nb6 15. Rb1 Re8 16. Qd3 cxd5 17. Bb5 Re7 18. Qb3 Rc8 19. Bd2 Nc4 20.
Bc3 Bxc3 21. Bxc4 Qb6 22. Qxb6 axb6 23. Bb3 Be5 24. Rxd5 Rc5 25. Rd2 g5 26.
g3 Kg7 27. Rbd1 b5 28. Kg2 Bf6 29. Rd7 Kf8 30. R1d5 b6 31. R7d6 Rxd5 32.
Bxd5 Bxb2 33. Rxb6 Ra7 34. Rxb5 Ba3 35. Bb3 h6 36. Kf3 Ke7 37. Kg4 Kf6 38.
h4 gxh4 39. Kxh4 Rd7 40. e4 Re7 41. Bd5 Kg6 42. Rb6+ Kg7 43. f4 Rc7 44. Kh5
Bc5 45. Rxh6 Bf2 46. f5 Kg8 47. f6 Bd4 48. Kg4 Ra7 49. Kf5 Ra3 50. Rg6+ Kf8
51. Rg4 Rf3+ 52. Rf4 Rxg3 53. e5 Rd3 54. Rh4 Ke8 55. Rh8+ Kd7 56. Rh7 1-0

[Event "Nakhchivan Open"]
[Site "Nakhchivan AZE"]
[Date "2011.04.25"]
[Round "3"]
[White "Safarli,E"]
[Black "Abasov,N"]
[Result "1/2-1/2"]
[WhiteElo "2628"]
[BlackElo "2504"]
[EventDate "2011.04.23"]

1. e4 e5 2. Bc4 Nf6 3. d3 c6 4. Nf3 d5 5. Bb3 Bd6 6. Bg5 Be6 7. O-O dxe4 8.
dxe4 Bxb3 9. axb3 O-O 10. Nbd2 Bc7 11. Qe2 h6 12. Bh4 Qe7 13. Rfd1 Nbd7 14.
Nf1 Qe6 15. Ng3 Rfd8 16. h3 Bb6 17. Nh2 Kh7 18. b4 g5 19. Nf5 Nxe4 20. Qxe4
Nf6 21. Qf3 e4 22. Qb3 Qxb3 23. cxb3 gxh4 24. Ng4 Nd5 25. b5 h5 26. Ne5 f6
27. Nc4 Bc5 28. bxc6 bxc6 29. Re1 Re8 30. Nfd6 Re6 31. Rxe4 Rxd6 32. Nxd6
Bxd6 33. Rxh4 Kg6 34. Rc4 Nb4 35. Rd1 Bf8 36. Rd7 Re8 37. Kf1 a6 38. Rc3
Re7 39. Rd8 Kf7 40. Rc5 Re1+ 41. Kxe1 Bxc5 42. Ke2 Be7 43. Rh8 Kg6 44. Rg8+
Kf7 45. Rh8 Kg6 46. Rb8 Bd6 47. Rg8+ Kh7 48. Rd8 Be5 49. Rd2 Kg6 50. g3 c5
51. f4 Bd4 52. g4 hxg4 53. hxg4 a5 54. Kf3 Na2 55. Rc2 Nb4 56. Rd2 Na2 57.
Rc2 f5 58. g5 Nb4 59. Rd2 Kg7 60. Kg3 Kg6 61. Kf3 Kg7 62. Kg3 Kf7 63. Kf3
Nc6 64. Kg3 Kg6 65. Re2 Kf7 66. Rd2 Ne7 67. Kf3 Ng6 68. Rh2 1/2-1/2

[Event "Nakhchivan Open"]
[Site "Nakhchivan AZE"]
[Date "2011.04.25"]
[Round "3"]
[White "Rasulov,Vu"]
[Black "Volkov,Sergey1"]
[Result "0-1"]
[WhiteElo "2499"]
[BlackElo "2621"]
[EventDate "2011.04.23"]

1. e4 e6 2. d4 d5 3. Nd2 Nf6 4. e5 Nfd7 5. Bd3 c5 6. c3 Nc6 7. Ne2 cxd4 8.
cxd4 f6 9. Nf4 Nxd4 10. Qh5+ Ke7 11. exf6+ Nxf6 12. Ng6+ hxg6 13. Qxh8 Kf7
14. Qh4 e5 15. Nf3 Nxf3+ 16. gxf3 Bf5 17. Bxf5 gxf5 18. Bg5 d4 19. O-O Qd5
20. Qh3 Qe6 21. Kh1 Rd8 22. Rad1 Bc5 23. Rg1 d3 24. Be3 Bxe3 25. fxe3 e4
26. Qg3 Ne8 27. Qf4 exf3 28. Rg3 Nf6 29. Rxf3 g6 30. Kg1 Qxa2 31. e4 Qb3
32. Rd2 Qb6+ 33. Kh1 Rd4 34. Rfxd3 Rxe4 35. Qf1 Qe6 36. Qf3 Qb6 37. Rd1 Re7
38. Rb3 Qc7 39. Qg2 Ne4 40. Rf1 Qc6 41. Rbf3 Rd7 42. Re3 Rd4 43. Re2 Qd5
44. Rg1 g5 45. Qf3 Kf6 46. Rf1 g4 47. Qg2 Kg5 48. Kg1 Rd3 49. Rfe1 Qd4+ 50.
Kh1 Rf3 51. Qg1 Nf2+ 52. Kg2 Qd5 53. Rxf2 Rxf2+ 0-1

[Event "Nakhchivan Open"]
[Site "Nakhchivan AZE"]
[Date "2011.04.25"]
[Round "3"]
[White "Fedorchuk,S"]
[Black "Bajarani,U"]
[Result "1-0"]
[WhiteElo "2662"]
[BlackElo "2437"]
[EventDate "2011.04.23"]

1. e4 c5 2. Nf3 d6 3. d4 cxd4 4. Nxd4 Nf6 5. Nc3 a6 6. Be3 e5 7. Nb3 Be6 8.
h3 Be7 9. Qf3 O-O 10. O-O-O Qc7 11. g4 Rc8 12. g5 Ne8 13. Kb1 a5 14. a4 Na6
15. h4 Nb4 16. h5 Rab8 17. Rd2 Qd8 18. g6 Nf6 19. Nc5 Bg4 20. gxf7+ Kh8 21.
Qg3 Qf8 22. Bc4 d5 23. exd5 Bxc5 24. Bg5 Bd6 25. Bb3 e4 26. Qh4 Bf3 27.
Bxf6 gxf6 28. Qxf6+ Qg7 29. Qxd6 Bxh1 30. h6 Qg5 31. Qe6 Bf3 32. d6 Bg4 33.
Qxe4 Qxh6 34. d7 Rd8 35. Qe5+ 1-0

[Event "Nakhchivan Open"]
[Site "Nakhchivan AZE"]
[Date "2011.04.25"]
[Round "3"]
[White "Qashashvili,A"]
[Black "Mchedlishvili,M"]
[Result "0-1"]
[WhiteElo "2329"]
[BlackElo "2629"]
[EventDate "2011.04.23"]

1. e4 e5 2. Nf3 Nc6 3. Bb5 a6 4. Ba4 Nf6 5. d3 d6 6. c3 Bd7 7. Nbd2 g6 8.
Nf1 Bg7 9. Bg5 h6 10. Bh4 Ne7 11. Bxd7+ Qxd7 12. Ne3 O-O 13. O-O Nc6 14. h3
Kh8 15. Nh2 Nh7 16. Bg3 Rae8 17. Qd2 f5 18. exf5 gxf5 19. f4 Nf6 20. fxe5
Nh5 21. e6 Qxe6 22. Bf2 f4 23. Nc2 f3 24. Be3 fxg2 25. Rxf8+ Rxf8 26. Qxg2
Rg8 27. Ng4 Nf6 28. Kh1 Nxg4 29. Qxg4 Qd5+ 30. Qe4 Qxe4+ 31. dxe4 Re8 32.
Rf1 Rxe4 33. Rf7 Re7 34. Rxe7 Nxe7 35. Kg2 Kh7 36. Kf3 Kg6 37. Bd2 Nc6 38.
Ke4 Ne5 39. Ne3 c6 40. b3 d5+ 41. Kf4 h5 42. Ng2 Kf6 43. Kg3 Ng6 44. Kf3 b5
45. Be1 Ke6 46. Ke3 c5 47. Kd3 c4+ 48. bxc4 bxc4+ 49. Ke3 Kf5 50. Kf3 Ne5+
51. Ke3 Nd3 52. Nh4+ Ke6 53. Bd2 Nc5 54. Ng2 Ne4 55. Be1 Nxc3 56. Nf4+ Kd6
57. Nxh5 Bh6+ 58. Kf3 Nxa2 59. Ng3 Ke6 60. Ne2 Bg7 61. Bf2 Nc3 62. Nf4+ Kd6
63. h4 Ne4 64. Be1 c3 65. Ne2 c2 66. Bb4+ Kc6 67. Ba3 Nc5 68. h5 Nb3 69.
Nc1 Nxc1 70. Bxc1 Kb5 71. h6 Bh8 72. Ke3 Kc4 73. Kd2 Kb3 0-1

[Event "Nakhchivan Open"]
[Site "Nakhchivan AZE"]
[Date "2011.04.26"]
[Round "4"]
[White "Guseinov,G"]
[Black "Guliev,L"]
[Result "1-0"]
[WhiteElo "2584"]
[BlackElo "2468"]
[EventDate "2011.04.23"]

1. e4 c5 2. Nc3 d6 3. Nf3 Nf6 4. d4 cxd4 5. Nxd4 a6 6. Bg5 Nbd7 7. f4 Qc7
8. Qe2 e5 9. Nf5 h6 10. Bxf6 Nxf6 11. fxe5 dxe5 12. O-O-O g6 13. Ne3 Bg7
14. g4 O-O 15. h4 Be6 16. Bh3 b5 17. h5 b4 18. Ncd5 Nxd5 19. exd5 Bd7 20.
hxg6 fxg6 21. g5 h5 22. d6 Qd8 23. Qc4+ Kh8 24. Qe4 Rf4 25. Qxg6 Be8 26.
Qe6 Bf7 27. Qe7 Bg6 28. Bf5 Rxf5 29. Nxf5 Bxf5 30. Rxh5+ Kg8 31. Qb7 Bg6
32. Rh2 Rb8 33. Qd5+ Bf7 34. Qg2 e4 35. g6 Be6 36. Rf1 Qxd6 37. Qxe4 Qe5
38. Qxe5 Bxe5 39. Rh5 Bg7 40. Kb1 Rb6 41. Rd1 Bf6 42. Rc5 Kg7 43. Rg1 Rd6
44. Rc7+ Bd7 45. c3 a5 46. c4 Bd8 47. Rb7 Bb6 48. Rg5 Kg8 49. c5 1-0

[Event "Nakhchivan Open"]
[Site "Nakhchivan AZE"]
[Date "2011.04.26"]
[Round "4"]
[White "Mchedlishvili,M"]
[Black "Durarbeyli,V"]
[Result "1/2-1/2"]
[WhiteElo "2629"]
[BlackElo "2510"]
[EventDate "2011.04.23"]

1. d4 d5 2. Nf3 Nf6 3. c4 c6 4. Qb3 dxc4 5. Qxc4 Bg4 6. Nc3 Nbd7 7. e4 Bxf3
8. gxf3 e5 9. Be3 Bd6 10. O-O-O O-O 11. Kb1 Qc7 12. Ne2 Rfd8 13. Bh3 exd4
14. Qxd4 Ne5 15. Qc3 Nxf3 16. Bg2 Be5 17. Qc1 Nh4 18. Bh3 Nf3 19. Bg2
1/2-1/2

[Event "Nakhchivan Open"]
[Site "Nakhchivan AZE"]
[Date "2011.04.26"]
[Round "4"]
[White "Aleksandrov,A"]
[Black "Almasi,Z"]
[Result "0-1"]
[WhiteElo "2638"]
[BlackElo "2719"]
[EventDate "2011.04.23"]

1. d4 Nf6 2. c4 e6 3. Nc3 Bb4 4. Qc2 O-O 5. a3 Bxc3+ 6. Qxc3 d5 7. Nf3 dxc4
8. Qxc4 b6 9. Bg5 Ba6 10. Qa4 c5 11. Rd1 cxd4 12. Rxd4 Qe7 13. e4 e5 14.
Rd5 Bxf1 15. Kxf1 Nbd7 16. g3 Qe6 17. Bxf6 Nxf6 18. Rxe5 Qh3+ 19. Ke2 h6
20. Rd1 Ng4 21. Qd7 Rac8 22. Red5 Rc2+ 23. R1d2 Rc1 24. Rd1 Rc2+ 25. R1d2
Rc1 26. Ne1 Nxf2 27. Qxh3 Nxh3 0-1

[Event "Nakhchivan Open"]
[Site "Nakhchivan AZE"]
[Date "2011.04.27"]
[Round "5"]
[White "Ibrahimov,R"]
[Black "Iskandarov,M"]
[Result "1-0"]
[WhiteElo "2526"]
[BlackElo "2235"]
[EventDate "2011.04.23"]

1. Nf3 Nf6 2. c4 c5 3. Nc3 b6 4. d4 d6 5. e4 cxd4 6. Nxd4 Bb7 7. f3 Nbd7 8.
Be2 g6 9. Be3 Bg7 10. O-O O-O 11. Qd2 Rc8 12. Rac1 Ne5 13. b3 Nc6 14. Nxc6
Bxc6 15. Rfd1 Qd7 16. a4 Rfd8 17. Qa2 Qc7 18. b4 Nd7 19. Nd5 Bxd5 20. cxd5
Qb7 21. Bb5 Ne5 22. Qe2 Rxc1 23. Rxc1 Rc8 24. Bc6 Nxc6 25. Qc4 Rc7 26. dxc6
Qc8 27. b5 Bb2 28. Rd1 Ba3 29. Qc3 Bc5 30. Bxc5 dxc5 31. Qd3 f6 32. Qd8+
Kf7 33. Kf2 Qxd8 34. Rxd8 Ke6 35. f4 h5 36. Ke3 1-0

[Event "Nakhchivan Open"]
[Site "Nakhchivan AZE"]
[Date "2011.04.27"]
[Round "5"]
[White "Miroshnichenko,E"]
[Black "Guseinov,G"]
[Result "0-1"]
[WhiteElo "2670"]
[BlackElo "2584"]
[EventDate "2011.04.23"]

1. d4 Nf6 2. c4 g6 3. Nc3 Bg7 4. e4 d6 5. Bd3 O-O 6. Nge2 Nc6 7. O-O e5 8.
d5 Nd4 9. Bg5 h6 10. Bh4 Nxe2+ 11. Bxe2 a5 12. a3 Bd7 13. b4 g5 14. Bg3 h5
15. f3 h4 16. Bf2 Nh5 17. c5 axb4 18. axb4 Rxa1 19. Qxa1 Nf4 20. Bc4 g4 21.
fxg4 Qg5 22. Ne2 Nxg2 23. h3 Bxg4 24. hxg4 Qxg4 25. Kh2 Nf4 26. Nxf4 Qxf4+
27. Kg1 h3 28. Qc3 Qxe4 29. Qg3 Qxc4 30. Be3 Qxd5 0-1

[Event "Nakhchivan Open"]
[Site "Nakhchivan AZE"]
[Date "2011.04.27"]
[Round "5"]
[White "Rasulov,Vu"]
[Black "Mchedlishvili,M"]
[Result "0-1"]
[WhiteElo "2499"]
[BlackElo "2629"]
[EventDate "2011.04.23"]

1. e4 d6 2. d4 g6 3. Nf3 Bg7 4. c3 Nd7 5. Bd3 e5 6. O-O Ne7 7. Nbd2 O-O 8.
Nc4 exd4 9. cxd4 d5 10. exd5 Nxd5 11. Re1 N7b6 12. Bg5 f6 13. Bh4 Re8 14.
Rxe8+ Qxe8 15. Bg3 Be6 16. Na5 Rb8 17. Rc1 Bh6 18. Rc5 Bf8 19. Rc1 Qa4 20.
Qxa4 Nxa4 21. Be4 Nxb2 22. Bxd5 Bxd5 23. Rxc7 Na4 24. h3 Nb6 25. Nh2 Rc8
26. Ng4 Rxc7 27. Bxc7 Bxa2 28. Nxb7 Nd5 29. Bb8 a6 30. Ne3 Bb4 31. Nc5 a5
32. Kf1 Bc3 33. Ke2 Bxd4 34. Bd6 Nc3+ 35. Kd3 Nb5 36. Nb7 Bxe3 0-1

[Event "Nakhchivan Open"]
[Site "Nakhchivan AZE"]
[Date "2011.04.27"]
[Round "5"]
[White "Safarli,E"]
[Black "Ipatov,A ESP"]
[Result "1/2-1/2"]
[WhiteElo "2628"]
[BlackElo "2514"]
[EventDate "2011.04.23"]

1. e4 e5 2. Nf3 Nf6 3. d4 Nxe4 4. Bd3 d5 5. Nxe5 Nd7 6. Nxd7 Bxd7 7. Nc3
Qh4 8. O-O Bd6 9. g3 Nxc3 10. bxc3 Qg4 11. Re1+ Kd8 12. Be2 Qf5 13. Rb1 b6
14. c4 dxc4 15. Bxc4 Re8 16. Rxe8+ Kxe8 17. Rb3 Bc6 18. d5 Bd7 19. Rf3 Qg4
20. Be2 Qg6 21. Re3+ Kf8 22. Bh5 Qf6 23. Bxf7 Kxf7 24. Rf3 Bf5 25. g4 Bxh2+
26. Kf1 Kg8 27. Rxf5 Qc3 28. Kg2 Bd6 29. Qe2 b5 30. Bf4 Bxf4 31. Rxf4 Qc5
32. Qe6+ Kh8 33. Qe4 Rd8 34. g5 Qd6 35. Rf5 Kg8 36. Qe6+ Qxe6 37. dxe6 Re8
38. Re5 Kf8 39. f4 g6 40. Kf3 c6 41. Re2 Ke7 42. Rh2 Rh8 43. f5 gxf5 44.
Kf4 Rd8 45. Rxh7+ Kxe6 46. Rh6+ Kf7 47. Rxc6 Rd5 48. g6+ Kg7 49. Kg5 f4+
50. Kxf4 b4 51. Re6 Ra5 52. Re5 Rxa2 53. Kf5 Rxc2 54. Re7+ Kg8 55. Re8+ Kg7
56. Re7+ Kg8 1/2-1/2

[Event "Nakhchivan Open"]
[Site "Nakhchivan AZE"]
[Date "2011.04.27"]
[Round "5"]
[White "Durarbeyli,V"]
[Black "Aleksandrov,A"]
[Result "1-0"]
[WhiteElo "2510"]
[BlackElo "2638"]
[EventDate "2011.04.23"]

1. e4 e5 2. Nf3 Nc6 3. Bb5 Nf6 4. Qe2 d6 5. d4 Bd7 6. d5 Ne7 7. Bg5 h6 8.
Bxf6 gxf6 9. Nc3 a6 10. Bxd7+ Qxd7 11. O-O-O O-O-O 12. Nh4 h5 13. Qd3 Bh6+
14. Kb1 Rdg8 15. g3 Kb8 16. Qf3 Qg4 17. Rd3 Bg5 18. Nf5 Nxf5 19. exf5 e4
20. Qxe4 Re8 21. Qxg4 hxg4 22. h4 gxh3 23. f4 Bh6 24. Rxh3 Bg7 25. Rxh8
Rxh8 26. Kc1 Kc8 27. Re3 Kd7 28. Kd2 Rh5 29. Re2 Rh1 30. Re1 Rh2+ 31. Kd3
c6 32. a4 Bf8 33. Re2 Rh1 34. Ke4 Be7 35. Kf3 Bd8 36. b3 Rf1+ 37. Kg2 Rc1
38. Kh3 Rh1+ 39. Kg2 Rc1 40. g4 Bb6 41. Ne4 Bd4 42. dxc6+ bxc6 43. Rd2 c5
44. c3 Bxc3 45. Rxd6+ Ke7 46. Rxa6 Bd4 47. Ra7+ Kf8 48. Nd6 Kg8 49. Rxf7
Rc2+ 50. Kf3 Rc3+ 51. Ke4 Rxb3 52. Ra7 Rb8 53. a5 Rd8 54. Kd5 Be3 55. Rc7
Bxf4 56. Rc8 Rxc8 57. Nxc8 1-0

[Event "Nakhchivan Open"]
[Site "Nakhchivan AZE"]
[Date "2011.04.27"]
[Round "5"]
[White "Gagunashvili,M"]
[Black "Abdulla,K"]
[Result "1-0"]
[WhiteElo "2599"]
[BlackElo "2160"]
[EventDate "2011.04.23"]

1. d4 Nf6 2. c4 e6 3. Nf3 b6 4. g3 Ba6 5. Nbd2 Bb7 6. Bg2 c5 7. e4 cxd4 8.
O-O d6 9. Nxd4 Qd7 10. b3 g6 11. Bb2 Bg7 12. Nb5 Nc6 13. Ba3 Bf8 14. Qf3
Nh5 15. Rad1 a6 16. Nxd6+ Bxd6 17. Nb1 O-O 18. Rxd6 Qc7 19. Rfd1 Rfd8 20.
Qd3 Nf6 21. Nc3 Rab8 22. e5 Ne8 23. f4 f5 24. Qe3 Kf7 25. h4 h5 26. Na4 b5
27. Nb6 Bc8 28. c5 b4 29. Bxb4 1-0

[Event "Nakhchivan Open"]
[Site "Nakhchivan AZE"]
[Date "2011.04.28"]
[Round "6"]
[White "Guseinov,G"]
[Black "Sokolov,Ivan"]
[Result "1-0"]
[WhiteElo "2584"]
[BlackElo "2643"]
[EventDate "2011.04.23"]

1. e4 e5 2. Nf3 Nc6 3. Bb5 a6 4. Bxc6 dxc6 5. O-O Qe7 6. d4 exd4 7. Nxd4
Bd7 8. Nc3 O-O-O 9. Qf3 g6 10. Bf4 Nf6 11. h3 Bg7 12. Qe3 c5 13. Nb3 Bc6
14. Na5 Bb5 15. e5 Nh5 16. Qf3 c6 17. Rfe1 Nxf4 18. Qxf4 Rd4 19. Qf3 Bxe5
20. a4 Bc4 21. Nxc4 Rxc4 22. Qe2 Rxc3 23. bxc3 Re8 24. Rad1 Qf6 25. Qc4 Re6
26. Qxc5 Bxc3 27. Rxe6 fxe6 28. Qd6 a5 29. Qd7+ Kb8 30. Qxh7 Bd4 31. Rb1
Bxf2+ 32. Kh1 Bb6 33. Qd7 Qf4 34. Qd3 Bc7 35. g3 Qxa4 36. Qxg6 Qc4 37. Rd1
a4 38. h4 Be5 39. Qg5 Qe4+ 40. Kg1 Bd4+ 41. Kh2 Ka7 42. Qa5+ Kb8 43. Qd8+
Ka7 44. Qxd4+ Qxd4 45. Rxd4 1-0

[Event "Nakhchivan Open"]
[Site "Nakhchivan AZE"]
[Date "2011.04.28"]
[Round "6"]
[White "Aleksandrov,A"]
[Black "Abdulov,Or"]
[Result "1-0"]
[WhiteElo "2638"]
[BlackElo "2327"]
[EventDate "2011.04.23"]

1. d4 d5 2. c4 e6 3. Nc3 Be7 4. cxd5 exd5 5. Bf4 Nf6 6. e3 O-O 7. Bd3 b6 8.
h3 c5 9. Nf3 Nc6 10. O-O h6 11. Rc1 Be6 12. a3 Re8 13. Bb5 Qc8 14. Qa4 Bd7
15. Ne5 Nxe5 16. dxe5 Bxb5 17. Qxb5 Nd7 18. Rfd1 f6 19. exf6 Nxf6 20. Nxd5
Nxd5 21. Rxd5 Qe6 22. Re5 Qf7 23. Rd1 Red8 24. Rxd8+ Rxd8 25. Re4 Bh4 26.
Qc6 Qd5 27. Qxd5+ Rxd5 28. g3 Bf6 29. b4 Kf7 30. Kf1 Be7 31. b5 Rd1+ 32.
Ke2 Rb1 33. a4 Rb2+ 34. Kf3 Rd2 35. h4 Bf6 36. h5 Bb2 37. Bb8 Rd7 38. Rc4
Ke6 39. Ke2 Bf6 40. g4 Kd5 41. Kd3 Be5 42. Bxe5 Kxe5+ 43. Kc2 Re7 44. Rf4
Rd7 45. f3 Kd5 46. Kc3 Ke5 47. Rf8 Re7 48. Kd3 Rd7+ 49. Kc4 Re7 50. a5 bxa5
51. Rf5+ Kd6 52. e4 Rc7 53. Rd5+ Ke6 54. f4 Rf7 55. Rf5 a4 56. Re5+ Kd6 57.
Rd5+ Ke6 58. f5+ Kf6 59. e5+ Kg5 60. e6 Rf8 61. Rd7 Kxg4 62. Rxg7+ Kf4 63.
e7 Rc8 64. f6 a3 65. f7 1-0

[Event "Nakhchivan Open"]
[Site "Nakhchivan AZE"]
[Date "2011.04.28"]
[Round "6"]
[White "Mchedlishvili,M"]
[Black "Gagunashvili,M"]
[Result "1/2-1/2"]
[WhiteElo "2629"]
[BlackElo "2599"]
[EventDate "2011.04.23"]

1. e4 e5 2. Nf3 Nf6 3. Nxe5 d6 4. Nf3 Nxe4 5. Qe2 Qe7 6. d3 Nf6 7. Bg5
Qxe2+ 8. Bxe2 Be7 9. Nc3 c6 10. Ne4 Nbd7 11. O-O-O d5 12. Nxf6+ Bxf6 13.
Rhe1 1/2-1/2